| 000 | 00309nam a2200097Ia 4500 | ||
|---|---|---|---|
| 008 | 230907s9999||||xx |||||||||||||| ||und|| | ||
| 082 |
_a660.2815 _bGUI |
||
| 245 | 0 | _aGuidelines for initiating events and independent protection layers in layer of protection analysis / | |
| 300 | _axxx, 348 pages : | ||
| 942 | _cBK | ||
| 999 |
_c600991 _d600991 |
||